Missing Word: Countries in Movie Titles Quiz Stats

Quiz Updated Dec 2, 2016

Challenge
Share
Tweet
Embed
Score 0/20 Timer 05:00
0 Plays Today
Movie Country % Correct
From ______ with LoveRussia
94.3%
Good Morning, ______Vietnam
92.6%
A Passage to ______India
89.5%
______ : Escape 2 AfricaMadagascar
87.5%
Hotel ______Rwanda
85.1%
The ______ SyndromeChina
84.9%
Once Upon a Time in ______Mexico
84%
The Boys from ______Brazil
80.1%
Prince of ______Egypt
68.5%
Reunion in ______France
65.4%
Movie Country % Correct
Journey to ______Italy
61.6%
______ Year ZeroGermany
53.4%
Salmon Fishing in the ______Yemen
51%
Papa Hemingway in ______Cuba
49.5%
Road to ______ Morocco
47.6%
The Tailor of ______Panama
47.4%
Imagining ______Argentina
36.4%
Grace of ______Monaco
36.1%
______ InnJamaica
29.8%
______ RuleGeorgia
20.8%

Today's Daily Dose

You're not logged in!

Compare scores with friends on all Sporcle quizzes.
Sign Up with Email
OR
Log In

You Might Also Like...

Show Comments

Extras

Top Quizzes Today


Score Distribution

Your Account Isn't Verified!

In order to create a playlist on Sporcle, you need to verify the email address you used during registration. Go to your Sporcle Settings to finish the process.